000 00597nam a2200241Ia 4500
005 20250425161925.0
008 250425s9999 xx 000 0 und d
020 _a8471144972
041 _aspa
082 _a631.7
100 _aTARJUELO MARTIN BENITO, JOSE MARIA
245 0 _aEL RIEGO POR ASPERSION Y SU TECNOLOGIA
250 _a1A ED.
260 _aEspaña
_bMUNDI PRENSA
_c1995
260 _aMADRID
300 _a491
650 _aDISEÑO AGRONOMICO
650 _aHIDRAULICA
650 _aRIEGO POR ASPERSION
650 _aSISTEMAS DE RIEGO
942 _c01
010 _a35093
999 _c218955
_d218955